UM Logo

Successful family businesses: (Record no. 15842)

MARC details
000 -LEADER
fixed length control field 00610nam a22001577a 4500
008 - FIXED-LENGTH DATA ELEMENTS--GENERAL INFORMATION
fixed length control field 201215b ||||| |||| 00| 0 eng d
020 ## - INTERNATIONAL STANDARD BOOK NUMBER
International Standard Book Number 9715502466
082 ## - DEWEY DECIMAL CLASSIFICATION NUMBER
Edition number 1997
Classification number DFil 338.7309599
Item number L51
100 ## - MAIN ENTRY--PERSONAL NAME
Personal name Lee-Chua, Queena N.
9 (RLIN) 42682
245 ## - TITLE STATEMENT
Title Successful family businesses:
Remainder of title dynamics of five Filipino business families/
Statement of responsibility, etc. Queena N. Lee-Chua
260 ## - PUBLICATION, DISTRIBUTION, ETC. (IMPRINT)
Place of publication, distribution, etc. Quezon City:
Name of publisher, distributor, etc. ADMU Press,
Date of publication, distribution, etc. ©1997.
300 ## - PHYSICAL DESCRIPTION
Extent 257 pages;
Dimensions 23 cm.
500 ## - GENERAL NOTE
General note Includes appendices, bibliographical references and index.
650 ## - SUBJECT ADDED ENTRY--TOPICAL TERM
Topical term or geographic name as entry element Family - owned business enterprises - Philippines - Case studies.
9 (RLIN) 42683
942 ## - ADDED ENTRY ELEMENTS (KOHA)
Source of classification or shelving scheme Dewey Decimal Classification
Koha item type Filipiniana
Holdings
Withdrawn status Lost status Source of classification or shelving scheme Damaged status Not for loan Collection code Home library Current library Date acquired Source of acquisition Total Checkouts Full call number Barcode Date last seen Copy number Price effective from Koha item type Cost, replacement price
    Dewey Decimal Classification     Filipiniana UM Digos College - LIC UM Digos College - LIC 11/05/2003 Purchased   DFil 338.7309599 L51 1997 16364 05/15/2025 1 12/15/2020 Filipiniana  
    Dewey Decimal Classification     Filipiniana UM Digos College - LIC UM Digos College - LIC   Purchased   DFil 338.7309599 L51 1997 17442 05/15/2025 2 12/15/2020 Filipiniana 371.00